Регионална библиотека "Любен Каравелов" - Русе

Здравни беседи (Запис номер 481871)

MARC детайли
000 -Лидер
Контролно поле с фиксирана дължина nam a22 a 4500
003 - Код на организацията, давaща контролен номер
Контролно поле BLK
005 - Дата и час на последна редакция
Контролно поле 20221125091233.0
008 - Елементи от данни с фиксирана дължина
fixed length control field 180409b bul|||||r ||||||| ||bul||
010 ## - Наследен системен номер
LC control number KNG00146619000
040 ## - Източник на каталожния запис
Идентификатор на билиотеката - собственик на записа BLK
041 ## - Код за език
Код за езика на текст/звукозапис или на отделно заглавие Български
Код за езика КДБФ Български
080 ## - УДК
Текстов определител УДК Здравна просвета. Общи въпроси
УДК код - определител по УДК 614:374
УДК - код + определител 614:374
139 ## - Редно поле
Редна дума Здравни беседи
Авторски знак Зд - З 50
245 10 - Сведения за заглавието
Заглавие Здравни беседи
Редно поле (дума) под ред. на Петър Крумов Милев.
257 ## - Страна на издаване
Страна на създаване/издаване България
260 ## - Област на издателските данни
Име на издателя, разпространителя и проч. Министерство на народното здраве
Година на издаване 1978
9 (RLIN) 450159
Място на издаване, разпространение и проч. София
300 ## - Физическа характеристика
Страници 74 с.
Размери/Мащаб 20 см
380 ## - Жанр
Жанр Медицина
490 ## - СЕРИИ (Колекции)
9 (RLIN) 483644
Име на серия В помощ на учителя от началния курс на училищата
№: серия 3
500 ## - Общи забележки
Забележка Изд. на Мин. на народното здраве - Инст. за здравна просвета
650 #7 - Допълнително описание по предмет – тема
9 (RLIN) 155904
Основно описание – тема или топоним Здравеопазване
653 #7 - Ключова дума – ненормативна
9 (RLIN) 181863
Ключова дума беседи
700 ## - Други автори (авторска отговорност)
Лично име Милев, Петър Крумов
Автороска отговорност (Описва отношението между автора и произведението) под ред. на
9 (RLIN) 871
852 ## - Местоположение
Форматна сигнатура Цб 97291
Фондова буква Хранилище
856 ## - Електронен адрес и достъп
Инструкция (цена за достъп) 0.00
Права за достъп disable
999 ## - СИСТЕМНИ КОНТРОЛНИ НОМЕРА
Koha biblionumber 481871
Koha biblioitemnumber 481871
942 ## - АРТИКУЛИ
Вид на библиотечния материал Книги
Скрит в OPAC Не
Периодичен библиозапис Да
944 ## - СЪЗДАВАНЕ И РЕДАКЦИЯ на ЗАПИСА
Създаване/Редакция Създаване
Дата на регистрацията/редакция 2022-11-25
Статус, дата на статуса 2022-11-25
Служител, извършил регистрацията/редакцията Ренета Константинова
Наличности
Код за отписване Код за изгубен артикул Източник на класификационната схема Код за повреда Коз за рестрикции Код за отдаване Артикулен № Име на библиотеката - собственик Име на библиотеката, в която се намира в момента Статус (Текущо местоположение) Дата на вписване в системата Местоположение - отдел Цена в лева Инвентарен номер Систематично азбучна сигнатура Баркод Цена в евро Служебен тип на артикула
  Не е изгубен Universal Decimal Classification Не е повреден само за читалня ползва се в читалня 914201 Регионална библиотека "Любен Каравелов" Русе Регионална библиотека "Любен Каравелов" Русе Хранилище 2022-11-29 Хранилище 0.35 277015 Цб 97291 120000277015 0.18 Книги
Vip Innovations Ltd, Rousse, Bulgaria 2025